Southville International School and Colleges
Your cart is empty.
  • Cart
  • Lists
    Public lists Eva Luna New books Lux_list list_1
    Your lists Log in to create your own lists
  • Log in to your account
  • Your cookies
  • Search history
Southville International School and Colleges
  • Advanced search
  • Recent comments
  • Most popular
  • Libraries

Log in to your account

Log in with GOOGLE


If you do not have an external account, but do have a local account, you can still log in:

  1. Home
  2. MARC view: Principles of management /
Normal view MARC view ISBD view

Principles of management / (Record no. 25843)

[ view plain ]
MARC details
000 -LEADER
fixed length control field 00560nam a22001937a 4500
003 - CONTROL NUMBER IDENTIFIER
control field SISC
005 - DATE AND TIME OF LATEST TRANSACTION
control field 20170119141020.0
008 - FIXED-LENGTH DATA ELEMENTS--GENERAL INFORMATION
fixed length control field 131216b xxu||||| |||| 00| 0 eng d
020 ## - INTERNATIONAL STANDARD BOOK NUMBER
International Standard Book Number 9781259026553
050 ## - LIBRARY OF CONGRESS CALL NUMBER
Classification number HD 31
Item number .R913 2013
100 ## - MAIN ENTRY--PERSONAL NAME
Personal name Rudani, Ramesh B.
245 ## - TITLE STATEMENT
Title Principles of management /
Statement of responsibility, etc Ramesh B. Rudani.
260 ## - PUBLICATION, DISTRIBUTION, ETC. (IMPRINT)
Place of publication, distribution, etc New Delhi :
Name of publisher, distributor, etc McGraw Hill Education (India),
Date of publication, distribution, etc 2013.
300 ## - PHYSICAL DESCRIPTION
Extent xxvii, 793 pages :
Other physical details illustrations ;
Dimensions 23 cm.
504 ## - BIBLIOGRAPHY, ETC. NOTE
Bibliography, etc Includes Index.
650 ## - SUBJECT ADDED ENTRY--TOPICAL TERM
Topical term or geographic name as entry element Management.
942 ## - ADDED ENTRY ELEMENTS (KOHA)
Source of classification or shelving scheme Library of Congress Classification
Koha item type Books
Call number prefix Foreign
Holdings
Withdrawn status Lost status Source of classification or shelving scheme Damaged status Home library Current library Shelving location Date acquired Total Checkouts Total Renewals Full call number Barcode Date last seen Date checked out Copy number Price effective from Koha item type
    Library of Congress Classification   College Library College Library Reserve Section 12/16/2013 2 15 HD 31 .R913 2013 C17309 11/05/2018 08/06/2018 1 12/16/2013 Books
    Library of Congress Classification   College Library College Library Reserve Section 01/23/2014 2   HD 31 .R913 2013 C17153 05/15/2018 01/28/2016 2 01/23/2014 Books

Principles of management /

APA

Rudani R. B., . (2013). Principles of management. New Delhi: McGraw Hill Education (India).

Chicago

Rudani Ramesh B, . 2013. Principles of management. New Delhi: McGraw Hill Education (India).

Harvard

Rudani R. B., . (2013). Principles of management. New Delhi: McGraw Hill Education (India).

MLA

Rudani Ramesh B, . Principles of management. New Delhi: McGraw Hill Education (India). 2013.

  • Place hold
  • Print
  • Cite
  • Add to your cart (remove)
  • Save record
    BIBTEX Dublin Core MARCXML MARC (non-Unicode/MARC-8) MARC (Unicode/UTF-8) MARC (Unicode/UTF-8, Standard) MODS (XML) RIS
  • More searches
    Search for this title in:
    Other Libraries (WorldCat) Other Databases (Google Scholar) Online Stores (Bookfinder.com) Open Library (openlibrary.org)

Exporting to Dublin Core...

SOUTHVILLE LIBRARY

Southville International School and Colleges Library

1281 Tropical Ave. Cor. Luxembourg St., BF Homes International, Las Pinas City

Tel. No. 8256374 / 252358 Loc. 117/146

Powered by Koha